To kill a mockingbird / (Record no. 21)

MARC details
000 -LEADER
fixed length control field 00956cam a2200313 a 4500
001 - CONTROL NUMBER
control field 12289379
003 - CONTROL NUMBER IDENTIFIER
control field OSt
005 - DATE AND TIME OF LATEST TRANSACTION
control field 20250417133955.0
008 - FIXED-LENGTH DATA ELEMENTS--GENERAL INFORMATION
fixed length control field 010125r20021960nyu 000 1 eng
010 ## - LIBRARY OF CONGRESS CONTROL NUMBER
LC control number 2001016794
020 ## - INTERNATIONAL STANDARD BOOK NUMBER
International Standard Book Number 9780060935467 (pbk.)
040 ## - CATALOGING SOURCE
Original cataloging agency DLC
Transcribing agency DLC
Modifying agency DLC
-- KCST
043 ## - GEOGRAPHIC AREA CODE
Geographic area code n-usu--
050 00 - LIBRARY OF CONGRESS CALL NUMBER
Classification number PS3562.E353
Item number T6 2002
082 00 - DEWEY DECIMAL CLASSIFICATION NUMBER
Classification number 813.54
Edition information 21
100 1# - MAIN ENTRY--PERSONAL NAME
Personal name Lee, Harper.
9 (RLIN) 15
245 10 - TITLE STATEMENT
Title To kill a mockingbird /
Statement of responsibility, etc. Harper Lee.
250 ## - EDITION STATEMENT
Edition statement 1st Perennial classics ed.
260 ## - PUBLICATION, DISTRIBUTION, ETC.
Place of publication, distribution, etc. New York :
Name of publisher, distributor, etc. HarperCollins,
Date of publication, distribution, etc. 2002, c1960.
300 ## - PHYSICAL DESCRIPTION
Extent 323 p. ;
Dimensions 21 cm.
490 0# - SERIES STATEMENT
Series statement Perennial classics
650 #0 - SUBJECT ADDED ENTRY--TOPICAL TERM
Topical term or geographic name entry element Fathers and daughters
Form subdivision Fiction.
9 (RLIN) 16
650 #0 - SUBJECT ADDED ENTRY--TOPICAL TERM
Topical term or geographic name entry element Race relations
Form subdivision Fiction.
9 (RLIN) 18
650 #0 - SUBJECT ADDED ENTRY--TOPICAL TERM
Topical term or geographic name entry element Trials (Rape)
Form subdivision Fiction.
9 (RLIN) 19
650 #0 - SUBJECT ADDED ENTRY--TOPICAL TERM
Topical term or geographic name entry element Girls
Form subdivision Fiction.
9 (RLIN) 20
655 #7 - INDEX TERM--GENRE/FORM
Genre/form data or focus term Domestic fiction.
Source of term lcsh
9 (RLIN) 21
856 42 - ELECTRONIC LOCATION AND ACCESS
Materials specified Publisher description
Uniform Resource Identifier <a href="http://www.loc.gov/catdir/description/hc042/2001016794.html">http://www.loc.gov/catdir/description/hc042/2001016794.html</a>
942 ## - ADDED ENTRY ELEMENTS (KOHA)
Source of classification or shelving scheme Dewey Decimal Classification
Koha item type Book
Holdings
Withdrawn status Lost status Source of classification or shelving scheme Damaged status Not for loan Home library Current library Date acquired Cost, normal purchase price Total checkouts Full call number Barcode Date last seen Date last checked out Cost, replacement price Price effective from Koha item type
    Dewey Decimal Classification     KCST Library KCST Library 13/10/2019 4.65 1 813.54 Le Ki 1000000133 14/11/2023 19/10/2023 4.65 13/10/2019 Book
© 2025 KCST. All rights reserved